000 00488nam a22001097a 4500
008 150618b xxu||||| |||| 00| 0 eng d
010 _8HCCRSF:004
245 _aHIGH COURT CRIMINAL SESSION No.116 of 1969 Uganda Vs Christopher Satagule
260 _aHigh Court Kampala
500 _3(original criminal Case No. MM 175 of 1968 in the chief Magistrate's court Mbale at Mbale Before:M.saied Kaguire Esq., Chief Magistrate Mbale)
500 _3 Before: Hon. Mr. Justice Ag Justice A.W.K. Mukasa
999 _c6396
_d6396